| 000 -LEADER |
| fixed length control field |
01128nam a2200229Ia 4500 |
| 001 - CONTROL NUMBER |
| control field |
10111 |
| 003 - CONTROL NUMBER IDENTIFIER |
| control field |
GE_BSU |
| 008 - FIXED-LENGTH DATA ELEMENTS--GENERAL INFORMATION |
| fixed length control field |
181216s||||||||xx |||||||||||||| ||und|| |
| 040 ## - CATALOGING SOURCE |
| Transcribing agency |
GE_BSU |
| 080 ## - UNIVERSAL DECIMAL CLASSIFICATION NUMBER |
| Universal Decimal Classification number |
821.353.1+821.353.1-1+821.353.1-2 |
| 245 ## - TITLE STATEMENT |
| Title |
პირველი სხივი:წიგნი 8.პოეზია.პროზა.იუმორი.კრიტიკა და ლიტმცოდნ. |
| 245 ## - TITLE STATEMENT |
| Remainder of title |
თბილისის შრომის წითელი დროშის ორდენოსანი სახელმწ.უნ–ტის ახალგ.მწერალთა წრის ალმანახი |
| 245 ## - TITLE STATEMENT |
| Statement of responsibility, etc. |
სარედ.კოლ.ბ.ჟღენტი.ა.თოფურია |
| 260 ## - PUBLICATION, DISTRIBUTION, ETC. |
| Place of publication, distribution, etc. |
თბილისი |
| 260 ## - PUBLICATION, DISTRIBUTION, ETC. |
| Name of publisher, distributor, etc. |
თსუ |
| 260 ## - PUBLICATION, DISTRIBUTION, ETC. |
| Date of publication, distribution, etc. |
1968 |
| 300 ## - PHYSICAL DESCRIPTION |
| Extent |
455გვ.20სმ. |
| 520 ## - SUMMARY, ETC. |
| Summary, etc. |
ეძღვნ. თბილისის უნ–ტის 50 წლისთავს |
| 653 ## - INDEX TERM--UNCONTROLLED |
| Uncontrolled term |
იუმორი.კრიტიკა და ლიტმცოდნ. |
| 653 ## - INDEX TERM--UNCONTROLLED |
| Uncontrolled term |
პირველი სხივი |
| 942 ## - ADDED ENTRY ELEMENTS (KOHA) |
| Koha item type |
წიგნი |